[Event "Amplico ch-EUR Rapid"]
[Site "Warsaw POL"]
[Date "2012.12.15"]
[Round "3.11"]
[White "Ragger, Markus"]
[Black "Luukkonen, Tommi"]
[Result "1-0"]
[WhiteTitle "GM"]
[BlackTitle "FM"]
[WhiteElo "2655"]
[BlackElo "2303"]
[WhiteFideId "1610856"]
[BlackFideId "501808"]
[EventDate "2012.12.15"]

1. Nf3 Nf6 2. c4 e6 3. g3 c5 4. Bg2 b6 5. d4 Bb7 6. d5 exd5 7. Nh4 g6 8. Nc3 Bg7
9. O-O O-O 10. Bg5 Qc8 11. Nb5 Ne4 12. Bxe4 dxe4 13. Be7 Qc6 14. Bxf8 Bxf8 15.
Qd5 a6 16. Nc3 b5 17. Nxe4 Qb6 18. Nf6+ Kg7 19. Ne8+ Kg8 20. Qe5 Qe6 21. Nf6+
Kg7 22. Nxd7+ Qxe5 23. Nxe5 Bd6 24. f4 f6 25. Rad1 Be7 26. Nd7 Kf7 27. Nb6 Ra7
28. Nf3 Nc6 29. Nd5 Bf8 30. e4 bxc4 31. Rc1 a5 32. Rfd1 Ba6 33. e5 Nd4 34. Kf2
Rb7 35. Rd2 fxe5 36. Nxe5+ Kg7 37. Nxc4 a4 38. Nce3 g5 39. f5 g4 40. Nc7 Nf3 41.
Rd7+ Kg8 42. Nxg4 Rxb2+ 43. Ke3 Bg7 44. Rd8+ Kf7 45. Rd7+ Kg8 46. f6 Bf8 47.
Nxa6 1-0

[Event "Amplico ch-EUR Rapid"]
[Site "Warsaw POL"]
[Date "2012.12.15"]
[Round "3.12"]
[White "Castiglione, Mario"]
[Black "Istratescu, Andrei"]
[Result "0-1"]
[BlackTitle "GM"]
[WhiteElo "2282"]
[BlackElo "2654"]
[WhiteFideId "14901641"]
[BlackFideId "1200372"]
[EventDate "2012.12.15"]

1. d4 g6 2. Nf3 Bg7 3. c4 c5 4. dxc5 Na6 5. Nc3 Nxc5 6. Be3 Qa5 7. Bd4 Bxd4 8.
Qxd4 Nf6 9. Rb1 Ne6 10. Qd2 d6 11. b4 Qc7 12. Nd5 Nxd5 13. cxd5 Ng7 14. Rc1 Qb6
15. e4 O-O 16. Bc4 a5 17. b5 a4 18. Qh6 f6 19. Qd2 Bd7 20. O-O Rfc8 21. a3 Rc5
22. Qb4 Qa5 23. Qxa5 Rxa5 24. b6 Bb5 25. Nd2 f5 26. f3 Nh5 27. exf5 gxf5 28.
Rfe1 Kf7 29. Ba2 Ba6 30. Nc4 Bxc4 31. Bxc4 Nf6 32. Kf2 h5 33. Kg3 Nd7 34. Bd3
Nxb6 35. Bxf5 Nxd5 36. Rb1 b5 37. Be6+ Kf6 38. Rbd1 Nc7 39. Ba2 Ra8 40. Rd4 Re8
41. Rf4+ Rf5 42. Rxf5+ Kxf5 43. Rc1 Na6 44. Bf7 Rh8 45. Kh4 b4 46. axb4 Nxb4 47.
Bxh5 a3 48. g4+ Ke5 49. g5 a2 50. Re1+ Kf5 51. g6 Kf6 52. Rg1 Kg7 53. Re1 e5 54.
f4 Nc2 0-1

[Event "Amplico ch-EUR Rapid"]
[Site "Warsaw POL"]
[Date "2012.12.15"]
[Round "3.13"]
[White "Petrosian, Tigran L."]
[Black "Vetoshko, Volodymyr"]
[Result "1-0"]
[WhiteTitle "GM"]
[WhiteElo "2648"]
[BlackElo "2283"]
[WhiteFideId "13301616"]
[BlackFideId "14122480"]
[EventDate "2012.12.15"]

1. e4 c5 2. Nc3 e6 3. f4 d5 4. Bb5+ Bd7 5. exd5 Bxb5 6. Nxb5 a6 7. dxe6 axb5 8.
exf7+ Kxf7 9. Nf3 Nf6 10. Ne5+ Kg8 11. Qe2 Qe8 12. a4 Nc6 13. axb5 Nxe5 14. Rxa8
Qxa8 15. fxe5 Nd5 16. Qf3 Qd8 17. O-O h6 18. b3 Kh7 19. Qd3+ g6 20. c4 Bg7 21.
cxd5 Rf8 22. Bb2 Qb6 23. Rxf8 Bxf8 24. d6 c4+ 25. Bd4 1-0

[Event "Amplico ch-EUR Rapid"]
[Site "Warsaw POL"]
[Date "2012.12.15"]
[Round "3.14"]
[White "Khamitskiy, Sergei"]
[Black "Gajewski, Grzegorz"]
[Result "0-1"]
[WhiteTitle "IM"]
[BlackTitle "GM"]
[WhiteElo "2281"]
[BlackElo "2644"]
[WhiteFideId "13503154"]
[BlackFideId "1116207"]
[EventDate "2012.12.15"]

1. d4 Nf6 2. c4 e6 3. g3 d5 4. Bg2 Bb4+ 5. Nd2 O-O 6. Nf3 dxc4 7. Qc2 b5 8. a4
bxa4 9. O-O Bb7 10. Nxc4 Nbd7 11. Qxa4 a5 12. Rd1 Nb6 13. Nxb6 cxb6 14. Bg5 Rc8
15. Rac1 Qd6 16. Bxf6 gxf6 17. Qb5 Rxc1 18. Rxc1 Bxf3 19. Bxf3 Qxd4 20. b3 Bc5
21. e3 Qb4 22. Qd3 Be7 23. Rc4 Qe1+ 24. Kg2 Rd8 25. Rg4+ Kh8 26. Qb5 f5 27. Rd4
Rxd4 28. exd4 Bf6 29. Qxb6 Qd2 30. d5 Bd4 31. Qd8+ Kg7 32. dxe6 Qxf2+ 33. Kh3
fxe6 34. Qg5+ Kf8 35. Qd8+ Kg7 36. Qe7+ Kg6 37. Qxe6+ Kg5 38. Qg8+ Kf6 39. Qxh7
Qxf3 40. Qh8+ Kg5 41. Qh4+ Kg6 42. Qxd4 Qxb3 43. Qd6+ Kh5 44. Qe5 Qf3 45. Qxa5
Qf1# 0-1

[Event "Amplico ch-EUR Rapid"]
[Site "Warsaw POL"]
[Date "2012.12.15"]
[Round "3.15"]
[White "Erdos, Viktor"]
[Black "Vedrickas, Tautvydas"]
[Result "1-0"]
[WhiteTitle "GM"]
[BlackTitle "FM"]
[WhiteElo "2640"]
[BlackElo "2261"]
[WhiteFideId "719978"]
[BlackFideId "12802654"]
[EventDate "2012.12.15"]

1. c4 Nf6 2. g3 e5 3. Bg2 d6 4. Nc3 g6 5. Nf3 Bg7 6. d4 exd4 7. Nxd4 O-O 8. O-O
Re8 9. h3 Nbd7 10. e4 Nc5 11. Re1 Nfd7 12. Be3 Ne5 13. Bf1 Bd7 14. Rc1 Nc6 15.
Bg2 Ne5 16. Bf1 Nc6 17. Nxc6 Bxc6 18. f3 Be5 19. Bf2 Qf6 20. Bg2 a5 21. Rc2 a4
22. Qd2 Ne6 23. Nd5 Bxd5 24. cxd5 Nd4 25. f4 Nxc2 26. fxe5 Qxe5 27. Qxc2 a3 28.
b3 Qb2 29. Re2 c5 30. dxc6 bxc6 31. Qd3 Qc1+ 32. Kh2 d5 33. Be3 dxe4 34. Qd4
Rad8 35. Qxd8 1-0

[Event "Amplico ch-EUR Rapid"]
[Site "Warsaw POL"]
[Date "2012.12.15"]
[Round "3.16"]
[White "Boricsev, Oleg"]
[Black "Krasenkow, Michal"]
[Result "0-1"]
[WhiteTitle "IM"]
[BlackTitle "GM"]
[WhiteElo "2337"]
[BlackElo "2628"]
[WhiteFideId "720500"]
[BlackFideId "1113100"]
[EventDate "2012.12.15"]

1. e4 g6 2. d4 Bg7 3. Nc3 c6 4. Nf3 d6 5. a4 a5 6. Be2 Nf6 7. O-O O-O 8. e5 Ne8
9. Bf4 Bg4 10. h3 Bxf3 11. Bxf3 dxe5 12. Bxe5 Bxe5 13. dxe5 Nc7 14. Qxd8 Rxd8
15. Rad1 Nd7 16. Rfe1 Nc5 17. Rxd8+ Rxd8 18. Rd1 Rxd1+ 19. Bxd1 g5 20. g3 Kg7
21. Kg2 Kg6 22. f4 N7e6 23. Kf3 h5 24. Ke3 h4 25. fxg5 Kxg5 26. gxh4+ Kxh4 27.
Bg4 Ng5 28. Bc8 e6 29. Nd1 Nxh3 30. Kd4 b6 31. b4 axb4 32. a5 b3 33. c3 b2 34.
Nxb2 Nb3+ 35. Kd3 Nxa5 36. Bd7 Kg5 37. Be8 Kf5 38. Bxf7 Kxe5 39. Na4 Nf4+ 40.
Kc2 Nc4 41. Be8 Kd5 42. Nb2 Nxb2 43. Kxb2 e5 44. Kc2 e4 45. Bf7+ Ke5 46. Kd2 Nd5
47. Be8 c5 48. Bb5 e3+ 49. Kd3 Kf4 50. Be8 Kf3 51. Bh5+ Kf2 52. Kc4 Nf4 53. Bg4
e2 54. Bxe2 Kxe2 55. Kb5 Kd3 0-1

[Event "Amplico ch-EUR Rapid"]
[Site "Warsaw POL"]
[Date "2012.12.15"]
[Round "3.17"]
[White "Zujev, Oleg"]
[Black "Tkachiev, Vladislav"]
[Result "0-1"]
[BlackTitle "GM"]
[WhiteElo "2270"]
[BlackElo "2650"]
[WhiteFideId "12801585"]
[BlackFideId "618438"]
[EventDate "2012.12.15"]

1. d4 d6 2. c4 e5 3. dxe5 dxe5 4. Qxd8+ Kxd8 5. Nc3 Be6 6. e3 Nd7 7. b3 c6 8.
Bb2 f6 9. O-O-O Kc7 10. f4 Nh6 11. Nf3 Ng4 12. Re1 Nf2 13. Rg1 Nc5 14. Kb1 exf4
15. exf4 Bf5+ 16. Ka1 Ncd3 17. Bxd3 Nxd3 18. Rd1 Bc5 19. Rgf1 Rad8 20. Ne1 Nxb2
21. Kxb2 Rxd1 22. Nxd1 Re8 23. Nf3 Re2+ 24. Ka1 Rxg2 25. Nb2 Ba3 26. Na4 Bd3 27.
Rg1 Rxg1+ 28. Nxg1 Bd6 29. Nb2 Bf5 30. Ne2 Bg4 31. Nd4 Bxf4 32. Nd3 Bxh2 33. Kb1
Be5 34. Nxe5 fxe5 0-1

[Event "Amplico ch-EUR Rapid"]
[Site "Warsaw POL"]
[Date "2012.12.15"]
[Round "3.19"]
[White "Valgmae, Toomas"]
[Black "Socko, Bartosz"]
[Result "0-1"]
[BlackTitle "GM"]
[WhiteElo "2218"]
[BlackElo "2631"]
[WhiteFideId "4502523"]
[BlackFideId "1107038"]
[EventDate "2012.12.15"]

1. d4 Nf6 2. c4 e6 3. Nf3 b6 4. g3 Bb7 5. Bg2 c5 6. dxc5 Bxc5 7. O-O O-O 8. Nc3
a6 9. Bf4 Be7 10. Qd2 Qc8 11. b3 d6 12. Rfd1 Rd8 13. Rac1 Nbd7 14. Nd4 Bxg2 15.
Kxg2 Bf8 16. Nc2 b5 17. cxb5 axb5 18. f3 Qb7 19. e4 d5 20. exd5 b4 21. Na4 Nxd5
22. Bg5 Rdc8 23. Ne3 N7b6 24. Nxd5 Nxd5 25. Rxc8 Rxc8 26. Rc1 h6 27. Rxc8 Qxc8
28. Qc1 Qa6 29. Be3 Qe2+ 30. Bf2 Qxa2 31. Qb2 Qa3 32. Kf1 g5 33. Bd4 Qxb2 34.
Bxb2 Bg7 35. Ke2 h5 36. Kd3 g4 37. f4 h4 38. gxh4 Nxf4+ 39. Kc4 Nd5 40. Bc1 Be5 0-1

[Event "Amplico ch-EUR Rapid"]
[Site "Warsaw POL"]
[Date "2012.12.15"]
[Round "3.20"]
[White "Dorohin, Mihail"]
[Black "Rapport, Richard"]
[Result "0-1"]
[BlackTitle "GM"]
[WhiteElo "2243"]
[BlackElo "2621"]
[WhiteFideId "14114178"]
[BlackFideId "738590"]
[EventDate "2012.12.15"]

1. e4 c5 2. Nc3 Nc6 3. f4 e6 4. Nf3 Nge7 5. b3 d5 6. Bb2 d4 7. Ne2 g6 8. Ng3 Bh6
9. Ng5 Qc7 10. Qf3 f6 11. Nh3 e5 12. f5 Bd7 13. Nf2 O-O-O 14. Bd3 Rhf8 15. Ne2
Nb4 16. g4 Qa5 17. c3 Nxd3+ 18. Qxd3 Bb5 19. c4 Bc6 20. Rg1 Rg8 21. Rg3 Bg5 22.
a3 gxf5 23. gxf5 Bh4 24. Rxg8 Rxg8 25. Ng3 Bg5 26. O-O-O Kb8 27. Rg1 Nc8 28. Kc2
Nd6 29. Nh5 Rf8 30. Rg4 b5 31. h4 Bh6 32. Rg1 Ka8 33. Ng4 Bxe4 0-1

[Event "Amplico ch-EUR Rapid"]
[Site "Warsaw POL"]
[Date "2012.12.15"]
[Round "3.21"]
[White "Bartel, Mateusz"]
[Black "Barski, Radoslaw"]
[Result "1-0"]
[WhiteTitle "GM"]
[WhiteElo "2629"]
[BlackElo "2257"]
[WhiteFideId "1112635"]
[BlackFideId "1131710"]
[EventDate "2012.12.15"]

1. d4 Nf6 2. c4 c5 3. d5 b5 4. cxb5 a6 5. bxa6 Bxa6 6. Nc3 d6 7. g3 Nbd7 8. Bg2
g6 9. Nf3 Bg7 10. O-O O-O 11. Qc2 Qa5 12. Rd1 Rfb8 13. Rb1 Nb6 14. Bd2 Bb7 15.
Be1 Nfd7 16. a3 Na4 17. b4 cxb4 18. Nxa4 Qxa4 19. Qxa4 Rxa4 20. axb4 Nb6 21. e4
f5 22. exf5 gxf5 23. Nd4 Nxd5 24. Nxf5 Nc3 25. Bxc3 Bxc3 26. Nxe7+ Kf8 27. Nf5
Bxg2 28. Kxg2 Raxb4 29. Rxb4 Bxb4 30. Rb1 d5 31. Ne3 d4 32. Nc2 Bd6 33. Rxb8+
Bxb8 34. Nxd4 Kf7 35. f4 Ba7 36. Nc6 Bb6 37. Kf3 Bc7 38. Ke4 Kg6 39. Ne5+ Kf6
40. g4 Ba5 41. g5+ Kg7 42. f5 Bd2 43. f6+ 1-0

[Event "Amplico ch-EUR Rapid"]
[Site "Warsaw POL"]
[Date "2012.12.15"]
[Round "3.22"]
[White "Gerasimenyk, M."]
[Black "Andriasian, Zaven"]
[Result "0-1"]
[WhiteTitle "FM"]
[BlackTitle "GM"]
[WhiteElo "2225"]
[BlackElo "2605"]
[WhiteFideId "14111845"]
[BlackFideId "13302000"]
[EventDate "2012.12.15"]

1. d4 Nf6 2. Nf3 g6 3. c4 Bg7 4. Nc3 O-O 5. e4 d6 6. Be2 e5 7. dxe5 dxe5 8. Qxd8
Rxd8 9. Bg5 Re8 10. Nd5 Nxd5 11. cxd5 c6 12. Bc4 cxd5 13. Bxd5 Nc6 14. O-O Nb4
15. Bb3 h6 16. Bd2 Nd3 17. Bc3 Nc5 18. Bd5 Be6 19. Rfd1 Rac8 20. Rac1 Bxd5 21.
exd5 Nd7 22. Bb4 e4 23. Nd2 Bxb2 24. Rc4 f5 25. d6 Kf7 26. Rc7 Rxc7 27. dxc7 Nb6
28. a4 Be5 29. a5 Na8 30. Nc4 Bxc7 31. Rd7+ Ke6 32. Rg7 Rd8 33. Ne3 f4 34. Re7+
Kf6 35. Ng4+ Kg5 36. h3 h5 37. Ne5 Kf5 38. Nf7 Rd1+ 39. Kh2 f3+ 40. g3 h4 41.
Nh6+ Kg5 42. Nf7+ Kf6 43. Nh6 hxg3+ 44. fxg3 Bd6 45. Rxe4 g5 46. Ng4+ Kf5 47.
Rc4 Ke6 48. Bxd6 Rd2+ 49. Kg1 Kxd6 50. Rc8 Rg2+ 51. Kf1 Nc7 52. Ne3 Re2 53. Nf5+
Kd7 54. Rb8 Rb2 55. Nd4 f2 56. Ne2 Ne6 57. a6 b5 58. Rb7+ Kc6 59. Rxa7 Ra2 60.
Re7 Kd6 61. Rb7 Nc7 62. Kxf2 Rxa6 63. Nc3 Kc6 64. Rb8 Ra3 65. Nxb5 Nxb5 66. Rg8
Nd6 67. Rg6 Kd7 68. h4 Ne4+ 69. Ke1 Ra1+ 70. Ke2 Nxg3+ 71. Kf3 gxh4 72. Kg4 Ra4+
73. Kh3 Nf5 74. Rf6 Rf4 75. Ra6 Ke7 76. Rb6 Kf7 77. Ra6 Re4 78. Rb6 Re6 79. Rb7+
Kf6 80. Rb5 Kg5 81. Rb8 Re3+ 82. Kh2 Nh6 83. Rb5+ Kf4 84. Rb4+ Re4 85. Rb8 Nf5
86. Rb2 Kf3 87. Kh3 Re3 88. Rb8 Kf4+ 89. Kh2 Nh6 90. Rf8+ Kg4 91. Rb8 Re2+ 92.
Kh1 Nf5 93. Rg8+ Kh3 94. Kg1 Ng3 95. Rg7 Rg2# 0-1

[Event "Amplico ch-EUR Rapid"]
[Site "Warsaw POL"]
[Date "2012.12.15"]
[Round "3.24"]
[White "Sygulski, Pawel"]
[Black "Rozentalis, Eduardas"]
[Result "1/2-1/2"]
[BlackTitle "GM"]
[WhiteElo "2246"]
[BlackElo "2602"]
[WhiteFideId "1128175"]
[BlackFideId "12800023"]
[EventDate "2012.12.15"]

1. e4 Nf6 2. Nc3 d6 3. Nf3 Bg4 4. Be2 e5 5. d4 Bxf3 6. Bxf3 Nc6 7. d5 Nd4 8. Be3
Nxf3+ 9. Qxf3 g6 10. h4 Bg7 11. O-O-O h6 12. Ne2 Qd7 13. h5 Qg4 14. Qxg4 Nxg4
15. Rd3 Bf6 16. Kd1 Bg5 17. Ke1 Nxe3 18. fxe3 Kd7 19. Ng3 Raf8 20. Ke2 Rhg8 21.
Rdd1 f5 22. hxg6 f4 23. g7 Rxg7 24. Nf5 Rg6 25. exf4 Bxf4 26. Kf3 c6 27. Rh3 Rc8
28. c3 Bg5 29. g4 Rf6 30. Ke2 Rg6 31. Kf3 Rf6 32. Ke2 Rg6 33. Rhd3 1/2-1/2

[Event "Amplico ch-EUR Rapid"]
[Site "Warsaw POL"]
[Date "2012.12.15"]
[Round "3.25"]
[White "Dziuba, Marcin"]
[Black "Kopinits, Anna-Christina"]
[Result "1-0"]
[WhiteTitle "GM"]
[BlackTitle "WIM"]
[WhiteElo "2602"]
[BlackElo "2247"]
[WhiteFideId "1112953"]
[BlackFideId "1614142"]
[EventDate "2012.12.15"]

1. d4 d5 2. c4 c6 3. Nf3 Nf6 4. e3 Bf5 5. Nc3 e6 6. Nh4 Bg6 7. Be2 Nbd7 8. O-O
Ne4 9. Nxg6 hxg6 10. cxd5 Qh4 11. h3 Ng5 12. Bg4 f5 13. dxc6 bxc6 14. Bf3 Nxh3+
15. gxh3 Qxh3 16. Re1 Rh4 17. e4 Bd6 18. e5 Kf7 19. Bg5 Rh7 20. exd6 Rah8 21.
Bf4 g5 22. Bg2 Qh6 23. Bg3 f4 24. Qg4 fxg3 25. Qxg3 Nf6 26. Ne4 Nh5 27. Nxg5+
Kg8 28. d7 Qf6 29. Qb8+ 1-0

[Event "Amplico ch-EUR Rapid"]
[Site "Warsaw POL"]
[Date "2012.12.15"]
[Round "3.26"]
[White "Skawinski, Arkadiusz"]
[Black "Kempinski, Robert"]
[Result "0-1"]
[WhiteTitle "FM"]
[BlackTitle "GM"]
[WhiteElo "2239"]
[BlackElo "2599"]
[WhiteFideId "1126415"]
[BlackFideId "1105663"]
[EventDate "2012.12.15"]

1. e4 c5 2. c3 d6 3. d4 Nf6 4. Bd3 g6 5. e5 dxe5 6. dxe5 Nh5 7. Nf3 Nc6 8. O-O
Bg7 9. Be4 Nxe5 10. Qxd8+ Kxd8 11. Be3 Nc4 12. Bxc5 Nf6 13. Bc2 b6 14. Bd4 Nxb2
15. Ne5 Ke8 16. Na3 Bf5 17. Bb3 Ng4 18. Nxf7 Bxd4 19. cxd4 Rf8 20. Ne5 Rd8 21.
f3 Nxe5 22. dxe5 Nd3 23. Nb5 Nxe5 24. Nxa7 Bd7 25. Bd5 Ba4 26. Be4 Kf7 27. Rab1
Rd7 28. Nb5 Rc8 29. Na3 Rd6 30. Rb4 Bd7 31. Rb2 Rc5 32. Rc2 Ra5 33. Nb1 Be6 34.
a3 Nc4 35. Rc3 Rd4 36. Re1 Re5 37. Kf2 Kf6 38. Rec1 h5 39. h4 Nd6 40. Rc6 Nxe4+
41. fxe4 Rdxe4 42. Nc3 Rxh4 43. Rxb6 Kg7 44. Rb4 Rf5+ 45. Kg3 Rxb4 46. axb4 g5
47. Rc2 h4+ 48. Kh2 g4 49. Re2 g3+ 50. Kh3 Kf7 51. Kxh4 Rf4+ 52. Kxg3 Rxb4 53.
Ne4 Rb5 54. Rf2+ Kg6 55. Nd2 Bd5 56. Nf3 Rb3 57. Kf4 Kf6 58. Re2 Rb4+ 59. Kg3
Be4 60. Ra2 e6 61. Ra5 Bd5 62. Rc5 Rb2 63. Ra5 Bc4 64. Ra1 Bd3 65. Re1 Bc4 66.
Rd1 Rb8 67. Rd4 Bd5 68. Rf4+ Ke7 69. Rd4 Kd6 70. Rh4 Rg8+ 71. Rg4 Re8 72. Rh4 e5
73. Rh1 e4 74. Nd4 Ke5 75. Ne2 e3 76. Rh5+ Kd6 77. Rh4 Kc5 78. Ra4 Bc4 79. Kf3
Rf8+ 80. Kxe3 Re8+ 81. Kf3 Bxe2+ 82. Kf4 Rg8 83. Ra5+ Kd4 84. Rg5 Rh8 85. g4 Bd3
86. Rg7 Rf8+ 87. Kg5 Bc4 88. Re7 Rg8+ 89. Kf4 Kd5 90. g5 Kd6 91. Re3 Be6 92. Rg3
Rf8+ 93. Ke4 Bf5+ 94. Kd4 Bg6 95. Rg4 Rf3 96. Rg1 Rf4+ 97. Ke3 Ke5 98. Rg3 Ra4
99. Rg1 Ra3+ 100. Ke2 Kf4 101. Kd2 Rd3+ 102. Ke2 Rc3 103. Kd2 Rc2+ 104. Kd1 Ra2 0-1

[Event "Amplico ch-EUR Rapid"]
[Site "Warsaw POL"]
[Date "2012.12.15"]
[Round "3.27"]
[White "Swiercz, Dariusz"]
[Black "Musialkiewicz, Jan"]
[Result "1-0"]
[WhiteTitle "GM"]
[WhiteElo "2627"]
[BlackElo "2243"]
[WhiteFideId "1126881"]
[BlackFideId "1141929"]
[EventDate "2012.12.15"]

1. Nf3 c5 2. c4 Nc6 3. Nc3 e5 4. g3 g6 5. Bg2 Bg7 6. O-O Nge7 7. Rb1 d6 8. a3 a5
9. d3 O-O 10. Ne1 Be6 11. Nc2 d5 12. cxd5 Nxd5 13. Ne3 Nde7 14. Nc4 Rc8 15. b3
h6 16. Bb2 f5 17. Na4 b5 18. Nxc5 Bd5 19. Ne3 Bxg2 20. Nxg2 Qd6 21. Rc1 Nd4 22.
Bxd4 exd4 23. b4 axb4 24. axb4 Nd5 25. Qb3 Kh7 26. Rfe1 Rfe8 27. Rc2 Rc7 28. Ra1
Rec8 29. Rac1 h5 30. Nb7 Qa6 31. Rxc7 Rxc7 32. Nc5 Qd6 33. Ra1 Nxb4 34. Ne6 Qd5
35. Qxd5 Nxd5 36. Nxc7 Nxc7 37. Rb1 Be5 38. Ne1 Kg7 39. Nc2 Kf6 40. Na3 Nd5 41.
Nxb5 1-0

[Event "Amplico ch-EUR Rapid"]
[Site "Warsaw POL"]
[Date "2012.12.15"]
[Round "3.28"]
[White "Sabuk, Piotr"]
[Black "Romanov, Evgeny"]
[Result "0-1"]
[BlackTitle "GM"]
[WhiteElo "2195"]
[BlackElo "2616"]
[WhiteFideId "1137565"]
[BlackFideId "4148843"]
[EventDate "2012.12.15"]

1. d4 d5 2. c4 dxc4 3. e3 b5 4. a4 b4 5. Qf3 c6 6. Bxc4 Nf6 7. Nd2 e6 8. Qe2 Be7
9. Ngf3 O-O 10. O-O Bb7 11. Rd1 c5 12. dxc5 Qc7 13. b3 Nbd7 14. Bb2 Rad8 15.
Rac1 Nxc5 16. Ne5 Bd6 17. Ndf3 Nfe4 18. h3 Nc3 19. Bxc3 bxc3 20. Nd3 Nxa4 21.
Nd4 Nb6 22. Rxc3 Qe7 23. Bb5 Qg5 24. Bc6 Nd5 25. Rcc1 Ba6 26. Qe1 Ne7 27. Be4
Qh4 28. Ra1 Bc8 29. Ba8 e5 30. Nf3 Qf6 31. Be4 Qh6 32. Ndxe5 Bxe5 33. Rxd8 Rxd8
34. Qa5 Nc6 35. Bxc6 Bf6 36. Qxa7 Bxa1 0-1

[Event "Amplico ch-EUR Rapid"]
[Site "Warsaw POL"]
[Date "2012.12.15"]
[Round "3.29"]
[White "Banusz, Tamas"]
[Black "Flak, Pawel"]
[Result "1-0"]
[WhiteTitle "GM"]
[WhiteElo "2580"]
[BlackElo "2240"]
[WhiteFideId "722413"]
[BlackFideId "1117548"]
[EventDate "2012.12.15"]

1. c4 b6 2. Nc3 Bb7 3. Nf3 Nf6 4. g3 e6 5. Bg2 Be7 6. O-O O-O 7. Re1 d6 8. e4 e5
9. d4 Nbd7 10. h3 Re8 11. Qc2 Bf8 12. Be3 exd4 13. Nxd4 Nc5 14. f3 g6 15. Rad1
Bg7 16. Bf2 Qd7 17. f4 a5 18. Ndb5 Nh5 19. a4 f5 20. Bxc5 bxc5 21. exf5 Rxe1+
22. Rxe1 c6 23. Qe4 gxf5 24. Qe6+ Qxe6 25. Rxe6 cxb5 26. Bxb7 Rd8 27. cxb5 Nxg3
28. Kg2 Nh5 29. Kf3 Kf7 30. Bd5 Nf6 31. Rxd6+ Ke7 32. Re6+ Kf7 33. Rd6+ Ke7 34.
Rxd8 Kxd8 35. Be6 Ne4 36. Bxf5 Nxc3 37. bxc3 h6 38. c4 Kc7 39. Ke4 Kd6 40. Bg4
Bc3 41. Kf5 Bd2 42. Bf3 Bc1 43. b6 Bd2 44. b7 Kc7 45. Ke5 h5 46. f5 Be1 47. f6
Kd7 48. b8=N+ 1-0

[Event "Amplico ch-EUR Rapid"]
[Site "Warsaw POL"]
[Date "2012.12.15"]
[Round "3.30"]
[White "Ladva, Ottomar"]
[Black "Neiksans, Arturs"]
[Result "0-1"]
[BlackTitle "GM"]
[WhiteElo "2267"]
[BlackElo "2534"]
[WhiteFideId "4500024"]
[BlackFideId "11601388"]
[EventDate "2012.12.15"]

1. e4 c5 2. Nf3 e6 3. d4 cxd4 4. Nxd4 a6 5. Bd3 Bc5 6. Nb3 Ba7 7. Qg4 Nf6 8. Qg3
d6 9. Nc3 Nc6 10. Bg5 h6 11. Bd2 Nh5 12. Qf3 Qh4 13. g3 Ne5 14. Qe2 Qg4 15. Qxg4
Nxg4 16. Be2 Nhf6 17. f3 Ne3 18. Bd3 d5 19. exd5 exd5 20. Bxe3 Bxe3 21. Ke2 Ba7
22. Rae1 O-O 23. Kd1 d4 24. Ne2 Rd8 25. Kd2 a5 26. a4 Be6 27. Nxa5 Bd5 28. b4
Bb6 29. Rhf1 Bxa5 30. bxa5 Rxa5 31. Nxd4 Rxa4 32. Nf5 Kf8 33. Rb1 h5 34. Rb6 Bc6
35. h3 g6 36. Ne3 Nd7 37. Rb3 Ne5 38. f4 Nf3+ 39. Kc1 h4 40. gxh4 Rxf4 41. Ng4
Ra4 42. Rb1 Kg7 43. Be2 Nxh4 44. Ne5 Bd5 45. c4 Re8 46. cxd5 Rxe5 47. Bb5 Rd4
48. Kc2 Rexd5 49. Kc3 Nf5 50. Bc4 Rc5 51. Rb4 Rcxc4+ 0-1

[Event "Amplico ch-EUR Rapid"]
[Site "Warsaw POL"]
[Date "2012.12.15"]
[Round "3.31"]
[White "Zhigalko, Andrey"]
[Black "Dumanski, Aleksander"]
[Result "1-0"]
[WhiteTitle "GM"]
[WhiteElo "2589"]
[BlackElo "2229"]
[WhiteFideId "13502247"]
[BlackFideId "1114379"]
[EventDate "2012.12.15"]

1. e4 c5 2. Nf3 Nc6 3. d4 cxd4 4. Nxd4 g6 5. c4 Bg7 6. Be3 Nf6 7. Nc3 Ng4 8.
Qxg4 Nxd4 9. Qd1 Ne6 10. Rc1 b6 11. b4 Bb7 12. Bd3 O-O 13. O-O f5 14. exf5 gxf5
15. Nd5 Qe8 16. Re1 Kh8 17. Be2 f4 18. Bd2 Qg6 19. Bh5 Qg5 20. Qg4 Rf5 21. Nxe7
Qxg4 22. Bxg4 Rg5 23. Bh3 Rf8 24. Kf1 Rf7 25. Nd5 Bxd5 26. cxd5 Rxd5 27. Bc3
Bxc3 28. Rxc3 Rd4 29. a3 Ng5 30. Bg4 Ne4 31. Rc7 Nd2+ 32. Kg1 f3 33. gxf3 Nxf3+
34. Bxf3 Rxf3 35. Rxa7 Rf7 36. Re2 Rg4+ 37. Kf1 Rh4 38. Rb7 Rxh2 39. Rxb6 Rh3
40. a4 Ra3 41. a5 d5 42. Rd2 d4 43. Rd6 Ra1+ 44. Ke2 Re7+ 45. Kd3 Rb1 46. Rxd4
Rb7 47. a6 Rb3+ 48. Kc2 R7xb4 49. Rxb4 Rxb4 50. Rd8+ Kg7 51. a7 1-0

[Event "Amplico ch-EUR Rapid"]
[Site "Warsaw POL"]
[Date "2012.12.15"]
[Round "3.32"]
[White "Setkauskas, Vaidas"]
[Black "Le Roux, Jean-Pierre"]
[Result "0-1"]
[BlackTitle "GM"]
[WhiteElo "2216"]
[BlackElo "2569"]
[WhiteFideId "12803936"]
[BlackFideId "609404"]
[EventDate "2012.12.15"]

1. e4 e5 2. Nf3 Nc6 3. Bc4 Bc5 4. O-O Nf6 5. d4 Bxd4 6. Nxd4 Nxd4 7. f4 d6 8.
fxe5 dxe5 9. Bg5 Be6 10. Na3 Qe7 11. Bxf6 gxf6 12. c3 Nc6 13. Kh1 a6 14. Qf3
O-O-O 15. Bd5 Rhg8 16. Nc4 f5 17. Bxe6+ Qxe6 18. Qxf5 b5 19. Ne3 Kb8 20. Nd5 Rg7
21. a4 Qxf5 22. Rxf5 bxa4 23. Rxa4 Rd7 24. Rxa6 Kb7 25. Ra4 Rd6 26. b4 Rg4 27.
Ra1 Rxe4 28. b5 Na5 29. Nb4 Nb3 30. Rb1 Nd2 31. Ra1 Nb3 32. Rb1 f6 33. h3 Nc5
34. Rbf1 Nd7 35. Rh5 Rc4 36. Rf3 Nc5 37. Rh6 Ne4 38. Rxh7 Ng5 0-1

[Event "Amplico ch-EUR Rapid"]
[Site "Warsaw POL"]
[Date "2012.12.15"]
[Round "3.33"]
[White "Mista, Aleksander"]
[Black "Bernotas, Arturs"]
[Result "1-0"]
[WhiteTitle "GM"]
[WhiteElo "2562"]
[BlackElo "2268"]
[WhiteFideId "1110381"]
[BlackFideId "11601426"]
[EventDate "2012.12.15"]

1. e4 c5 2. Nf3 d6 3. d4 cxd4 4. Nxd4 Nf6 5. Nc3 g6 6. Be3 Bg7 7. f3 O-O 8. Bc4
Nc6 9. Qd2 Bd7 10. O-O-O Rb8 11. Bb3 Na5 12. Bh6 Bxh6 13. Qxh6 b5 14. h4 e5 15.
Nde2 b4 16. Nd5 Nxb3+ 17. cxb3 Nxd5 18. Rxd5 Be6 19. Rd3 d5 20. Kb1 Qe7 21. Ng3
d4 22. f4 exf4 23. Qxf4 Rbc8 24. Ne2 Rfd8 25. Nxd4 Qc5 26. Rc1 Qb6 27. Rcd1 Qc5
28. Qg5 Qc7 29. Rc1 Qd6 30. Rxc8 Bxc8 31. Rd2 Re8 32. Nf5 Qe6 33. Nd6 Rf8 34. h5
Bb7 35. Rd4 Bc6 36. h6 f6 37. Qc5 Ba8 38. Qxa7 1-0